000 00251nam a2200097Ia 4500
082 _aJ 363.34 DISA
245 0 _aDisaster!
100 _a Unstead, Sue, , 1951- Bath, 2009
_965195
942 _cBK
008 210817s9999 xx 000 0 und d
999 _c405621
_d405620